| 000 | 00679nam a2200181Ia 4500 | ||
|---|---|---|---|
| 008 | 151018s9999 xx 000 0 und d | ||
| 082 |
_bRBASDV8905 _a920 |
||
| 100 | _aग प्र प्रधान | ||
| 245 | _aलोकमान्य टिळक व्यक्ती व काय | ||
| 250 | _b1 | ||
| 260 |
_bकेशरी प्रकाशन _c1971 |
||
| 300 | _a74 | ||
| 600 | _aग प्र प्रधान | ||
| 630 | _aलोकमान्य टिळक व्यक्ती व काय | ||
| 700 | _aग प्र प्रधान | ||
| 730 | _aलोकमान्य टिळक व्यक्ती व काय | ||
| 942 | _cBOOK | ||
| 999 |
_c1011269 _d1011266 |
||